Guess The Horror Game From The Main Antagonist: Roblox Edition - Statistics

General Stats
  • This quiz has been taken 43 times
  • The average score is 4 of 15
Answer Stats
Main Antagonist Roblox Horror Game % Correct
The Figure Doors
95%
A-200 Rooms
55%
The Giant Rat Cheese Escape
38%
Sama The Mimic
38%
Slenderman Stop It, Slender!
23%
The Killer Survive the Killer
20%
Linda Judy
15%
Mary S Dead Silence
13%
The Stranger It Lurks
13%
The Zombies Zombie Attack
13%
Eric Smith Alone in a Dark House
10%
The Orotund The Maze
10%
Teke-Teke Geisha
8%
The Last Hurdle Identity Fraud
5%
The Creepy Shadow The Apartment
5%
No matching quizzes found
Score Distribution
Percent of People with Each Score
Percentile by Number Answered
Your Score History
You have not taken this quiz